Iglesia.

Guardado en:
Formato: Deslizar
Series:América, historia de una conquista
Materias:
Etiquetas: Agregar Etiqueta
Sin Etiquetas, Sea el primero en etiquetar este registro!
LEADER 01003ngm a22002895g 4500
001 CEM.cems022673
008 130507b2004##################0###0#####d
005 20241113164328.0
245 0 0 |a Iglesia. 
300 |a 26'. 
490 0 |a América, historia de una conquista 
500 |a En soporte VHS, consultar en ventanilla. 
505 0 |a La guerra de la corona española contra el judaísmo y los moros. La inquisición. Imposición de la fe a los indígenas americanos. Casa de contratación. La encomienda. 
538 |a Soporte: VHS - Norma: Pal N - Color: Si - Grabación DRD 2004 - Hitachi=1400 
082 9 8 |/ AME-2 
653 |a HISTORIA AMERICANA 
653 |a IGLESIA 
653 |a INQUISICION 
653 |a ABORIGENES AMERICANOS 
653 |a ENCOMIENDA 
653 |a CONQUISTA 
653 |a COLONIZACION 
653 |a JUDAISMO 
653 |a MOROS 
653 |a NIVEL PRIMARIO 
653 |a NIVEL SECUNDARIO 
859 |a CEMS  |b BIB. CEMS - Depto. Recursos Didacticos  |h 981  |i AME-2  |k DRD  |p 1316.12  |t Ej.1